00225nam a2200097Ia 4500008004100000100002400041245002900065260001200094260000900106546001200115170627s9999 xx 000 0 und d aROBBINS- STEPHEN P. 0aORGANIZATIONAL BEHAVIOUR bPEARSON c2005 aENGLISH